Common Knowledge #5 - Statistics

General Stats
  • This quiz has been taken 2,928 times
  • The average score is 14 of 20
Answer Stats
Hint Answer % Correct
What blood type qualifies as a universal donor? O negative
98%
The Roman God of War inspired the name of which planet? Mars
92%
Which of the Seven Wonders is located in Egypt? The Pyramids of Giza
89%
Using the answer from above, how many are there? 3
88%
How many red stripes are there on the American flag? 7
86%
Which musical legend is Jay-Z married to? Beyonce
82%
What is the first element on the periodic table? Hydrogen
82%
What is the only fruit that has its seeds on the outside? Strawberry
82%
Galileo was the citizen of which country? Italy
78%
In the Bible, how many fish were used to feed the 5,000 along with the loaves? 2
76%
What has a gravitational pull so strong that even light cannot escape it? Black Hole
76%
In which city did Hitler commit suicide? Berlin
67%
In which board game can you find Colonel Mustard? Clue
61%
What does a Scoville unit measure? Spice
60%
What vehicle is Volkswagen best known for in the world? The Beetle
58%
Who was the only US President to resign? Richard Nixon
56%
What name does deer meat go by? Venison
53%
What are three consecutive strikes in bowling called? Turkey
50%
Larry Page is the CEO of which company? Google
38%
What’s another name for a footrest? Ottoman
35%
No matching quizzes found
Score Distribution
Percent of People with Each Score
Percentile by Number Answered
Your Score History
You have not taken this quiz